<?xml version="1.0" encoding="UTF-8"?>
<record
    xmlns:xsi="http://www.w3.org/2001/XMLSchema-instance"
    xsi:schemaLocation="http://www.loc.gov/MARC21/slim http://www.loc.gov/standards/marcxml/schema/MARC21slim.xsd"
    xmlns="http://www.loc.gov/MARC21/slim">

  <leader>00872nam a2200193Ia 4500</leader>
  <datafield tag="999" ind1=" " ind2=" ">
    <subfield code="c">4254</subfield>
    <subfield code="d">4254</subfield>
  </datafield>
  <controlfield tag="005">20210104173325.0</controlfield>
  <controlfield tag="008">201216s9999||||xx |||||||||||||| ||und||</controlfield>
  <datafield tag="020" ind1=" " ind2=" ">
    <subfield code="a">DAH</subfield>
    <subfield code="q">DAH</subfield>
  </datafield>
  <datafield tag="040" ind1=" " ind2=" ">
    <subfield code="a">DAH</subfield>
    <subfield code="c">DAH</subfield>
  </datafield>
  <datafield tag="041" ind1=" " ind2=" ">
    <subfield code="a">spa</subfield>
  </datafield>
  <datafield tag="084" ind1=" " ind2=" ">
    <subfield code="a">DAH 0241</subfield>
  </datafield>
  <datafield tag="100" ind1="1" ind2=" ">
    <subfield code="a">Nordenflicht Bar&#xF3;n de</subfield>
    <subfield code="d"> ca. 1770-1815</subfield>
    <subfield code="9">4612</subfield>
  </datafield>
  <datafield tag="245" ind1="0" ind2="0">
    <subfield code="a">Tratado del arreglo y reforma que conviene introducir en la miner&#xED;a del reino del Per&#xFA; para su prosperidad, conforme al sistema y pr&#xE1;ctica de las naciones de Europa m&#xE1;s versadas en este ramo, presentado de oficio al superior gobierno de estos reinos por el Bar&#xF3;n de Nordenflicht /</subfield>
    <subfield code="c">Nordenflicht, Bar&#xF3;n de</subfield>
  </datafield>
  <datafield tag="250" ind1=" " ind2=" ">
    <subfield code="a">1a ed.</subfield>
  </datafield>
  <datafield tag="260" ind1=" " ind2=" ">
    <subfield code="a">Lima:</subfield>
    <subfield code="b">Universidad Nacional de Ingenier&#xED;a, Proyecto Historia UNI,</subfield>
    <subfield code="c">2007</subfield>
  </datafield>
  <datafield tag="650" ind1="0" ind2="4">
    <subfield code="a"> Minas y recursos minerales</subfield>
    <subfield code="v">Documentos</subfield>
    <subfield code="x">Aspectos econ&#xF3;micos</subfield>
    <subfield code="y">Siglo XVIII</subfield>
    <subfield code="9">5751</subfield>
  </datafield>
  <datafield tag="910" ind1=" " ind2=" ">
    <subfield code="a">gsm</subfield>
  </datafield>
  <datafield tag="942" ind1=" " ind2=" ">
    <subfield code="c">LIB</subfield>
    <subfield code="2">ddc</subfield>
  </datafield>
  <datafield tag="952" ind1=" " ind2=" ">
    <subfield code="0">0</subfield>
    <subfield code="1">0</subfield>
    <subfield code="2">ddc</subfield>
    <subfield code="4">0</subfield>
    <subfield code="7">0</subfield>
    <subfield code="a">DAH</subfield>
    <subfield code="b">DAH</subfield>
    <subfield code="c">GEN</subfield>
    <subfield code="d">2020-12-16</subfield>
    <subfield code="o">DAH 0241</subfield>
    <subfield code="p">DAH21010046</subfield>
    <subfield code="r">2020-12-16</subfield>
    <subfield code="w">2020-12-16</subfield>
    <subfield code="y">LIB</subfield>
  </datafield>
</record>
